[Event "Online Olym Div2 C 2020"]
[Site "chess.com INT"]
[Date "2020.08.15"]
[Round "6.3"]
[Board "5"]
[White "Martins, Bruno Andre Leite"]
[Black "Stevanic, David"]
[Result "1/2-1/2"]
[BlackTitle "FM"]
[WhiteElo "2204"]
[BlackElo "2337"]
[WhiteTeam "Portugal"]
[BlackTeam "Slovenia"]
[WhiteFideId "1942255"]
[BlackFideId "14613921"]
[EventDate "2020.08.14"]
[EventType "team"]

1. e4 e5 2. Nf3 Nc6 3. Bb5 a6 4. Ba4 Nf6 5. O-O Be7 6. d3 b5 7. Bb3 d6 8. a4 Bd7
9. axb5 axb5 10. Rxa8 Qxa8 11. Nc3 Na5 12. Ba2 b4 13. Nd5 Nxd5 14. Bxd5 c6 15.
Ba2 O-O 16. Bd2 c5 17. Be3 b3 18. Bxb3 Nxb3 19. cxb3 Rb8 20. Nd2 Be6 21. f4 exf4
22. Bxf4 Qa2 23. e5 Qa6 24. exd6 Bxd6 25. Qf3 Bxf4 26. Qxf4 Rd8 27. Ne4 Qxd3 28.
Nxc5 Qd4+ 29. Qxd4 Rxd4 30. Re1 Rd6 31. Nxe6 fxe6 32. Kf2 Kf7 33. Re3 Rd2+ 34.
Re2 Rd3 35. Re3 Rd2+ 36. Re2 Rd3 37. Ke1 Rxb3 38. Kd1 Kf6 39. Kc2 Rb8 40. b3 e5
41. Kc3 Kf5 42. b4 Rc8+ 43. Kb3 e4 44. b5 Ke5 45. Rc2 Rb8 46. Kc4 e3 47. Kd3
Rxb5 48. Rc7 Rb3+ 49. Ke2 Rb2+ 50. Kf3 e2 51. Re7+ Kf5 52. Rxe2 Rxe2 53. Kxe2
Ke4 54. Kf2 Kf4 55. Ke2 h5 56. Kf2 g5 57. Ke2 Ke4 58. Kd2 h4 59. Ke2 g4 60. Kf2
Kf4 61. g3+ hxg3+ 62. hxg3+ Ke4 63. Ke2 Kd4 64. Kd2 Ke4 65. Ke2 Kd4 66. Kd2 Ke4 1/2-1/2

[Event "Online Olym Div2 C 2020"]
[Site "chess.com INT"]
[Date "2020.08.15"]
[Round "6.3"]
[Board "6"]
[White "Hrescak, Ivana"]
[Black "Avelino, Camila Biscaya"]
[Result "1/2-1/2"]
[WhiteTitle "WIM"]
[WhiteElo "2196"]
[BlackElo "1732"]
[WhiteTeam "Slovenia"]
[BlackTeam "Portugal"]
[WhiteFideId "14613441"]
[BlackFideId "1938975"]
[EventDate "2020.08.14"]
[EventType "team"]

1. d4 Nf6 2. c4 g6 3. Nc3 Bg7 4. e4 d6 5. f3 O-O 6. Be3 c5 7. Nge2 cxd4 8. Nxd4
Nc6 9. Be2 Bd7 10. Qd2 a6 11. O-O Nxd4 12. Bxd4 b5 13. cxb5 axb5 14. Bxb5 Bxb5
15. Nxb5 e5 16. Be3 d5 17. Bc5 dxe4 18. Qe3 exf3 19. Bxf8 Qxf8 20. Rxf3 Ng4 21.
Qe2 f5 22. h3 e4 23. Qc4+ Kh8 24. Rb3 Ne5 25. Qe2 Nd3 26. Kh1 Rc8 27. Rf1 Nc1
28. Qd1 Nxb3 29. Qxb3 Qc5 30. a4 Qe5 31. Nc3 Qg3 32. Qe6 Rf8 33. Ne2 Qd3 34. Re1
Qd2 35. Rg1 Qxe2 36. b4 Qb2 37. b5 Qa3 38. Qc4 Ra8 39. Rd1 Qe7 40. b6 Qb7 41.
Qb5 Rc8 42. a5 e3 43. Re1 Qe4 44. Qd7 Ra8 45. b7 Rb8 46. Qc8+ Qe8 47. Qxe8+ Rxe8
48. a6 Bd4 49. Re2 Kg7 50. g3 Kf6 51. Kg2 g5 52. Kf3 h5 53. g4 hxg4+ 54. hxg4 f4
55. Rh2 Ke6 56. Rh6+ Kd7 57. Rh2 Kc7 58. Rc2+ Kb8 59. Ke2 Rh8 60. Kd3 Bb6 61.
Rc6 Ba7 62. Ke2 Rd8 63. Kf3 Bd4 64. Ke2 Ba7 65. Kf3 Rh8 66. Ke2 Rh2+ 67. Kf3 Rh8
68. Ke2 1/2-1/2

[Event "Online Olym Div2 C 2020"]
[Site "chess.com INT"]
[Date "2020.08.15"]
[Round "6.4"]
[Board "1"]
[White "Studer, Noel"]
[Black "Van Foreest, Jorden"]
[Result "1-0"]
[WhiteTitle "GM"]
[BlackTitle "GM"]
[WhiteElo "2573"]
[BlackElo "2682"]
[WhiteTeam "Switzerland"]
[BlackTeam "Netherlands"]
[WhiteFideId "1319620"]
[BlackFideId "1039784"]
[EventDate "2020.08.14"]
[EventType "team"]

1. d4 Nf6 2. c4 g6 3. Nc3 Bg7 4. e4 d6 5. h3 e5 6. d5 Nbd7 7. g4 Nc5 8. f3 h5 9.
g5 Nh7 10. h4 f6 11. Nh3 Bxh3 12. Bxh3 fxg5 13. b4 Na6 14. Be6 gxh4 15. Rg1 h3
16. Rxg6 h2 17. Ke2 Kf8 18. Be3 Nxb4 19. Rb1 Qh4 20. Bf2 h1=Q 21. Qxh1 Qxh1 22.
Rxh1 Nc2 23. Rxh5 Nd4+ 24. Bxd4 exd4 25. Nb5 Nf6 26. Rxh8+ Bxh8 27. Nxc7 Rd8 28.
Nb5 Nh5 29. Rg8+ Ke7 30. Rxd8 Nf4+ 31. Kd2 Kxd8 32. Nxd6 Bf6 33. e5 Bh4 34. Bf5
b6 35. Nc8 Bg5 36. Kc2 d3+ 37. Kc3 d2 38. Kxd2 Ng6+ 39. Kc3 Nxe5 40. Nxa7 Nxf3
41. d6 Bf6+ 42. Kb4 Nd4 43. Bg4 Bh4 44. Kc3 Bf2 45. Kd3 Ke8 46. Ke4 Kf7 47. Kd5
Nc2 48. Kc6 Nb4+ 49. Kb7 Bh4 50. a4 Bd8 51. Kc8 Bf6 52. d7 Nd3 53. d8=Q Bxd8 54.
Kxd8 Nb2 55. c5 bxc5 56. a5 c4 57. Nb5 Nd3 58. Nd6+ Kf6 59. Nxc4 Kg5 60. Bf3 Kf4
61. a6 1-0

[Event "Online Olym Div2 C 2020"]
[Site "chess.com INT"]
[Date "2020.08.15"]
[Round "6.4"]
[Board "2"]
[White "Bok, Benjamin"]
[Black "Georgiadis, Nico"]
[Result "1/2-1/2"]
[WhiteTitle "GM"]
[BlackTitle "GM"]
[WhiteElo "2624"]
[BlackElo "2551"]
[WhiteTeam "Netherlands"]
[BlackTeam "Switzerland"]
[WhiteFideId "1017063"]
[BlackFideId "1300113"]
[EventDate "2020.08.14"]
[EventType "team"]

1. c4 e6 2. Nc3 d5 3. d4 Bb4 4. cxd5 exd5 5. Bf4 c5 6. e3 Nc6 7. dxc5 Nf6 8. Bd3
Bxc5 9. Nf3 O-O 10. O-O d4 11. Na4 Bd6 12. Bxd6 Qxd6 13. Nxd4 Nxd4 14. exd4 1/2-1/2

[Event "Online Olym Div2 C 2020"]
[Site "chess.com INT"]
[Date "2020.08.15"]
[Round "6.4"]
[Board "3"]
[White "Georgescu, Lena"]
[Black "Peng, Zhaoqin"]
[Result "1-0"]
[WhiteTitle "WIM"]
[BlackTitle "GM"]
[WhiteElo "2276"]
[BlackElo "2358"]
[WhiteTeam "Switzerland"]
[BlackTeam "Netherlands"]
[WhiteFideId "1331973"]
[BlackFideId "1004786"]
[EventDate "2020.08.14"]
[EventType "team"]

1. e4 e6 2. d4 d5 3. Nc3 Nf6 4. Bg5 Be7 5. e5 Nfd7 6. h4 Nc6 7. Nf3 Nb6 8. b3
Bd7 9. a4 a6 10. Be2 f6 11. exf6 gxf6 12. Bh6 Bb4 13. Qd2 Qe7 14. O-O Rg8 15.
Qe3 O-O-O 16. Na2 e5 17. Nxb4 Qxb4 18. c3 Qd6 19. a5 exd4 20. Nxd4 Rde8 21. Qd2
Nxd4 22. cxd4 Bh3 23. Bf3 Nd7 24. Bf4 Qe6 25. Rfc1 c6 26. Bg3 Bg4 27. Qf4 Ne5
28. dxe5 fxe5 29. Bxg4 Rxg4 30. Qe3 Rb4 31. Re1 d4 32. Qg5 e4 33. Qf4 Re7 34.
Rac1 e3 35. Qb8+ Kd7 36. fxe3 d3 37. Rcd1 Rxb3 38. Qc7+ Ke8 39. Qb8+ Kd7 40. e4
Qg4 41. Kh2 Rg7 42. Qd6+ Ke8 43. Rf1 Re7 44. Qb8+ Kd7 45. Qc7+ Ke8 46. Qb8+ Kd7
47. Rd2 Qe6 48. Rf8 Qg6 49. Qc8# 1-0

[Event "Online Olym Div2 C 2020"]
[Site "chess.com INT"]
[Date "2020.08.15"]
[Round "6.4"]
[Board "4"]
[White "Haast, Anne"]
[Black "De Seroux, Camille"]
[Result "1-0"]
[WhiteTitle "WGM"]
[BlackTitle "WIM"]
[WhiteElo "2318"]
[BlackElo "2137"]
[WhiteTeam "Netherlands"]
[BlackTeam "Switzerland"]
[WhiteFideId "1017292"]
[BlackFideId "1305620"]
[EventDate "2020.08.14"]
[EventType "team"]

1. e4 c5 2. Nf3 d6 3. d4 cxd4 4. Nxd4 Nf6 5. Nc3 Nc6 6. Bg5 e6 7. Qd2 Qb6 8.
Bxf6 gxf6 9. Nb3 Bd7 10. O-O-O O-O-O 11. f4 Kb8 12. Bd3 h5 13. Kb1 Na5 14. Rhf1
Nxb3 15. axb3 h4 16. f5 Bh6 17. Qe1 Bg5 18. Ne2 Bc6 19. Qc3 d5 20. Nd4 e5 21.
Nxc6+ bxc6 22. b4 Rd7 23. b5 cxb5 24. exd5 Rxd5 25. Be4 Rc5 26. Qb3 Qc7 27. Rd5
Rf8 28. Rfd1 a6 29. Qa3 Qb6 30. Qxc5 1-0

[Event "Online Olym Div2 C 2020"]
[Site "chess.com INT"]
[Date "2020.08.15"]
[Round "6.4"]
[Board "5"]
[White "Baenziger, Fabian"]
[Black "Vrolijk, Liam"]
[Result "1-0"]
[WhiteTitle "IM"]
[BlackTitle "IM"]
[WhiteElo "2397"]
[BlackElo "2481"]
[WhiteTeam "Switzerland"]
[BlackTeam "Netherlands"]
[WhiteFideId "1330110"]
[BlackFideId "1048333"]
[EventDate "2020.08.14"]
[EventType "team"]

1. d4 Nf6 2. c4 e6 3. Nf3 d5 4. g3 dxc4 5. Bg2 Bb4+ 6. Bd2 a5 7. Qc2 b6 8. a3
Be7 9. Bg5 Ra7 10. O-O O-O 11. Nbd2 Bb7 12. Nxc4 Be4 13. Qd1 c5 14. dxc5 Bxc5
15. Nfe5 Bxg2 16. Kxg2 Nbd7 17. Bxf6 Qa8+ 18. f3 Nxf6 19. Qa4 Bd4 20. Nc6 Qe8
21. Nd6 Qd7 22. Qxd4 Qxc6 23. Rfc1 Qd5 24. Qxb6 Rd7 25. Nc4 Rb7 26. Qxa5 Qxa5
27. Nxa5 Rxb2 28. Kf2 Rb6 29. Nc6 Nd5 30. a4 Rc8 31. Nd4 Ra8 32. a5 Rba6 33. Nc6
Kf8 34. e4 Ne7 35. Nxe7 Kxe7 36. Rc7+ Kf6 37. Rc5 Ke7 38. e5 Rb8 39. g4 g5 40.
Rc7+ Ke8 41. Rc5 Rb3 42. Rd1 Ra3 43. Rc8+ Ke7 44. Rc7+ Ke8 45. Rdd7 R6xa5 46.
Rxf7 R5a4 47. Rxh7 Rf4 48. Rc8# 1-0

[Event "Online Olym Div2 C 2020"]
[Site "chess.com INT"]
[Date "2020.08.15"]
[Round "6.4"]
[Board "6"]
[White "Van Foreest, Machteld"]
[Black "Tamrazyan, Gohar"]
[Result "1-0"]
[WhiteElo "2161"]
[BlackElo "1802"]
[WhiteTeam "Netherlands"]
[BlackTeam "Switzerland"]
[WhiteFideId "1051563"]
[BlackFideId "1330799"]
[EventDate "2020.08.14"]
[EventType "team"]

1. e4 c5 2. Nf3 Nc6 3. Bb5 g6 4. O-O Bg7 5. c3 e5 6. d3 Nge7 7. Be3 b6 8. d4
cxd4 9. cxd4 exd4 10. Nxd4 O-O 11. Nc3 Bb7 12. Nxc6 dxc6 13. Bc4 c5 14. Bg5 Qxd1
15. Raxd1 Nc6 16. Bd5 Rab8 17. Rd2 Be5 18. Rfd1 Nd4 19. Bxb7 Rxb7 20. Nd5 f5 21.
f4 Bg7 22. e5 Kf7 23. Bf6 Bh6 24. Re1 Ke6 25. Ne3 Bxf4 26. Rf2 Bxe5 27. Bxe5
Kxe5 28. Nxf5+ Kd5 29. Ne3+ Kc6 30. Rxf8 Rd7 31. Nc4 Kb7 32. Rf7 1-0

[Event "Online Olym Div2 C 2020"]
[Site "chess.com INT"]
[Date "2020.08.15"]
[Round "6.5"]
[Board "1"]
[White "Ashiku, Franc"]
[Black "Georgiev, Kiril"]
[Result "0-1"]
[WhiteTitle "IM"]
[BlackTitle "GM"]
[WhiteElo "2419"]
[BlackElo "2592"]
[WhiteTeam "Albania"]
[BlackTeam "North Macedonia"]
[WhiteFideId "4700066"]
[BlackFideId "2900017"]
[EventDate "2020.08.14"]
[EventType "team"]

1. d4 Nf6 2. c4 e6 3. Nc3 Bb4 4. Qc2 d5 5. a3 Bxc3+ 6. Qxc3 c5 7. dxc5 d4 8. Qc2
e5 9. Bg5 h6 10. Bh4 Nc6 11. Nf3 g5 12. Bg3 Qa5+ 13. Nd2 Qxc5 14. b4 Qe7 15. e4
Nh5 16. c5 Nf4 17. Nc4 Kf8 18. h4 Kg7 19. hxg5 hxg5 20. Rxh8 Kxh8 21. Bxf4 gxf4
22. Bd3 Bg4 23. f3 Be6 24. O-O-O Kg7 25. Rh1 b5 26. Nd6 a5 27. Bxb5 axb4 28.
Bxc6 Rxa3 29. Qb2 Qa7 30. Nb5 Qxc5+ 31. Kd1 Ra2 0-1

[Event "Online Olym Div2 C 2020"]
[Site "chess.com INT"]
[Date "2020.08.15"]
[Round "6.5"]
[Board "2"]
[White "Nikolovski, Nikola"]
[Black "Pasko, Llambi"]
[Result "1/2-1/2"]
[WhiteTitle "IM"]
[BlackTitle "IM"]
[WhiteElo "2454"]
[BlackElo "2410"]
[WhiteTeam "North Macedonia"]
[BlackTeam "Albania"]
[WhiteFideId "15002314"]
[BlackFideId "4701178"]
[EventDate "2020.08.14"]
[EventType "team"]

1. e4 e5 2. Nf3 Nc6 3. Bc4 Bc5 4. O-O Nf6 5. d3 d6 6. c3 O-O 7. a4 a6 8. h3 h6
9. Re1 Re8 10. Nbd2 Be6 11. Bxe6 Rxe6 12. Nf1 d5 13. Ng3 dxe4 14. dxe4 Qxd1 15.
Rxd1 Rd6 16. Rxd6 cxd6 17. b4 Ba7 18. Kf1 d5 19. exd5 Nxd5 20. b5 Na5 21. Nxe5
Re8 22. Nf3 Nb3 23. Rb1 Nc5 24. c4 Nc3 25. Ra1 N5xa4 26. Bd2 Bc5 27. bxa6 bxa6
28. Bxc3 Nxc3 29. Rxa6 Rb8 30. Ra1 Rb2 31. Nh1 Ne4 32. Ne5 Bd4 33. Nd3 Rd2 34.
Re1 Nd6 35. c5 Nb5 36. Nf4 Bxc5 37. Re5 Nc3 38. Re1 f5 39. g4 Ne4 40. Re2 Rxe2
41. Kxe2 fxg4 42. hxg4 1/2-1/2

[Event "Online Olym Div2 C 2020"]
[Site "chess.com INT"]
[Date "2020.08.15"]
[Round "6.5"]
[Board "3"]
[White "Shabanaj, Eglantina"]
[Black "Stojkovska, Monika"]
[Result "0-1"]
[WhiteTitle "WCM"]
[BlackTitle "WFM"]
[WhiteElo "1996"]
[BlackElo "2106"]
[WhiteTeam "Albania"]
[BlackTeam "North Macedonia"]
[WhiteFideId "4700562"]
[BlackFideId "15002594"]
[EventDate "2020.08.14"]
[EventType "team"]

1. Nf3 Nf6 2. d4 e6 3. e3 b6 4. Bd3 Bb7 5. c3 d5 6. Nbd2 Bd6 7. O-O Nbd7 8. Qe2
Ne4 9. Re1 O-O 10. Nf1 c5 11. Bd2 c4 12. Bc2 b5 13. Ng3 Qc7 14. Nxe4 dxe4 15.
Ng5 Nf6 16. g3 h6 17. Nh3 a5 18. Nf4 b4 19. h4 Rfb8 20. g4 Nh7 21. Kh1 Bxf4 22.
exf4 e3+ 23. Kg1 exd2 24. Qxd2 bxc3 25. bxc3 Nf6 26. g5 Qc6 27. f3 Qxf3 28. Qh2
Ng4 29. Bd1 Nxh2 30. Bxf3 Nxf3+ 31. Kf2 Nxe1 32. Rxe1 hxg5 33. hxg5 Bd5 0-1

[Event "Online Olym Div2 C 2020"]
[Site "chess.com INT"]
[Date "2020.08.15"]
[Round "6.5"]
[Board "4"]
[White "Koskoska, Gabriela"]
[Black "Gjergji, Rozana"]
[Result "1-0"]
[WhiteTitle "WIM"]
[BlackTitle "WCM"]
[WhiteElo "2020"]
[BlackElo "1942"]
[WhiteTeam "North Macedonia"]
[BlackTeam "Albania"]
[WhiteFideId "15000630"]
[BlackFideId "4700147"]
[EventDate "2020.08.14"]
[EventType "team"]

1. e4 e5 2. Nf3 Nc6 3. d4 exd4 4. Nxd4 Bc5 5. Be3 Bb6 6. c3 d6 7. Be2 Nf6 8. Nd2
Bd7 9. O-O O-O 10. f4 Qe7 11. Bf3 Nxd4 12. cxd4 Bc6 13. e5 Nd5 14. Bxd5 Bxd5 15.
Bf2 dxe5 16. dxe5 Qb4 17. Qc2 Qxf4 18. Bxb6 Qg4 19. Nf3 cxb6 20. Rad1 Bxf3 21.
Rxf3 Rae8 22. Re1 Qd4+ 23. Kh1 Rxe5 24. Ref1 f6 25. b3 Rfe8 26. Rh3 Qe4 27. Qc7
Rf5 28. Rg1 Rf2 29. Rg3 Qe7 30. Qc4+ Qf7 31. Qa4 a6 32. Qd4 Rxa2 33. Qxb6 Rae2
34. Rc3 Qd5 35. h3 Qd2 36. Rg3 Qf4 37. Rg4 Qe3 38. Qxb7 Re7 39. Qxa6 Re1 40.
Qc8+ Re8 41. Qc4+ Kh8 42. Rxe1 Qxe1+ 43. Kh2 Qe5+ 44. Qf4 Qd5 45. Qg3 Qf7 46.
Rc4 h6 47. Rc7 Re7 48. Rc8+ Kh7 49. Qd3+ f5 50. Qd8 f4 51. Qd3+ g6 52. Qd4 Qg7
53. Qxf4 Rf7 54. Qg3 h5 55. b4 Qd4 56. Rc6 Rg7 57. b5 h4 58. Qd6 Qe4 59. b6 Qf5
60. Rc7 Rf7 61. b7 1-0

[Event "Online Olym Div2 C 2020"]
[Site "chess.com INT"]
[Date "2020.08.15"]
[Round "6.5"]
[Board "5"]
[White "Veleshnja, Zino"]
[Black "Lazov, Toni"]
[Result "1/2-1/2"]
[BlackTitle "IM"]
[WhiteElo "2287"]
[BlackElo "2405"]
[WhiteTeam "Albania"]
[BlackTeam "North Macedonia"]
[WhiteFideId "4701313"]
[BlackFideId "15000770"]
[EventDate "2020.08.14"]
[EventType "team"]

1. d4 d6 2. Nf3 Nf6 3. c4 g6 4. Nc3 Bg7 5. Bf4 O-O 6. h3 Nfd7 7. e3 e5 8. Bh2
Nc6 9. Be2 f5 10. Qb3 exd4 11. exd4 Kh8 12. Rd1 Nf6 13. O-O Ne4 14. d5 Nxc3 15.
bxc3 Na5 16. Qa3 b6 17. Nd4 Qf6 18. Qc1 f4 19. Rfe1 Bd7 20. Bg4 Bxg4 21. hxg4
Nxc4 22. Ne6 Rf7 23. Rd4 Ne5 24. Rxf4 Qe7 25. Rxf7 Qxf7 26. Nxg7 Nxg4 27. Qf4
Qxf4 28. Bxf4 Kxg7 29. Re7+ Kg8 30. Rxc7 Nf6 31. c4 Ne8 32. Rd7 Rc8 33. Bxd6
Nxd6 34. Rxd6 Rxc4 35. Rd8+ Kg7 36. Rd7+ Kh6 37. Rxa7 Rd4 38. Rb7 Rxd5 39. Rxb6
Rd1+ 40. Kh2 Rd2 41. Kg3 Rxa2 42. Rb7 1/2-1/2

[Event "Online Olym Div2 C 2020"]
[Site "chess.com INT"]
[Date "2020.08.15"]
[Round "6.5"]
[Board "6"]
[White "Manova, Ivana"]
[Black "Shuqja, Klean"]
[Result "0-1"]
[BlackTitle "WCM"]
[WhiteElo "1742"]
[BlackElo "1838"]
[WhiteTeam "North Macedonia"]
[BlackTeam "Albania"]
[WhiteFideId "15003590"]
[BlackFideId "4701585"]
[EventDate "2020.08.14"]
[EventType "team"]

1. e4 e6 2. d4 d5 3. Bd3 dxe4 4. Bxe4 Nf6 5. Bf3 c5 6. Ne2 Nbd7 7. dxc5 Bxc5 8.
O-O O-O 9. g3 Ne5 10. Bg2 Qb6 11. Nbc3 Rd8 12. Qe1 Bd7 13. Nf4 Bd4 14. a4 Bc6
15. Ne4 Nxe4 16. Bxe4 Nf3+ 17. Bxf3 Bxf3 18. c3 Bf6 19. Qe3 Qc6 20. h4 Rd7 21.
Nd3 Rad8 22. Ne5 Bxe5 23. Qxe5 Bg2 24. Re1 Bh1 25. f3 Qxf3 26. Qe2 Qc6 27. Bf4
Bf3 28. Qf2 a5 29. Be3 Rd6 30. Bd4 f6 31. Re3 Bd5 32. Re2 e5 33. Bc5 Re6 34.
Rae1 b6 35. Be3 Bc4 36. Rd2 Red6 37. Red1 Bb3 38. Rxd6 Rxd6 39. Rxd6 Qxd6 40.
Qd2 Qxd2 41. Bxd2 Bxa4 42. Be3 b5 43. Bb6 Bb3 44. Bxa5 Kf7 45. Kf2 g6 46. Ke3
Ke6 47. Bb4 f5 48. Bf8 Kd5 49. Bh6 Bc2 50. Bg7 Bb3 51. Bh6 Ba2 52. Bg7 Bb1 53.
Bh6 Kc4 54. Bg7 Kd5 55. b4 Ba2 56. Bf6 Bc4 57. Bg7 Ke6 58. Bh8 h6 59. Bg7 g5 60.
Bxh6 gxh4 61. gxh4 f4+ 62. Kf2 Kf5 63. h5 Bf7 64. Bf8 Bxh5 65. Bc5 Bf7 66. Bb6
Bc4 67. Bc7 e4 68. Bd6 e3+ 69. Ke1 Ke4 70. Bc5 f3 0-1

[Event "Online Olym Div2 C 2020"]
[Site "chess.com INT"]
[Date "2020.08.16"]
[Round "7.1"]
[Board "1"]
[White "Georgiev, Kiril"]
[Black "Shirov, Alexei"]
[Result "1/2-1/2"]
[WhiteTitle "GM"]
[BlackTitle "GM"]
[WhiteElo "2592"]
[BlackElo "2647"]
[WhiteTeam "North Macedonia"]
[BlackTeam "Spain"]
[WhiteFideId "2900017"]
[BlackFideId "2209390"]
[EventDate "2020.08.14"]
[EventType "team"]

1. d4 d5 2. c4 c6 3. Nf3 Nf6 4. e3 Bf5 5. Nc3 e6 6. Nh4 Be4 7. f3 Bg6 8. Qb3 Qc7
9. Bd2 Be7 10. Rc1 Ne4 11. Nxg6 Nxd2 12. Kxd2 dxc4 13. Bxc4 hxg6 14. g3 Nd7 15.
Kc2 Nb6 16. Kb1 Nxc4 17. Qxc4 O-O-O 18. Ne4 Qa5 19. f4 Qf5 20. Qc2 Rh3 21. Nf2
Qxc2+ 22. Rxc2 Rh5 23. h4 f6 24. Rf1 g5 25. hxg5 fxg5 26. Ne4 gxf4 27. gxf4 g5
28. fxg5 Bxg5 29. Rc5 Rd5 30. Rxd5 cxd5 31. Rf8+ Kc7 32. Rf7+ Kc6 33. Nxg5 Rxg5
34. Re7 e5 35. Rxe5 Rxe5 36. dxe5 Kd7 37. Kc2 Ke6 38. Kc3 Kxe5 39. Kd3 b5 40. b4
a6 41. a3 Ke6 42. Kd4 Kd6 43. e4 dxe4 44. Kxe4 Ke6 45. Kd4 Kd6 46. Ke4 Ke6 47.
Kd4 Kd6 48. Ke4 1/2-1/2

[Event "Online Olym Div2 C 2020"]
[Site "chess.com INT"]
[Date "2020.08.16"]
[Round "7.1"]
[Board "2"]
[White "Perez Candelario, Manuel"]
[Black "Nikolovski, Nikola"]
[Result "1-0"]
[WhiteTitle "GM"]
[BlackTitle "IM"]
[WhiteElo "2612"]
[BlackElo "2454"]
[WhiteTeam "Spain"]
[BlackTeam "North Macedonia"]
[WhiteFideId "2210622"]
[BlackFideId "15002314"]
[EventDate "2020.08.14"]
[EventType "team"]

1. e4 c5 2. Nf3 d6 3. d4 cxd4 4. Nxd4 Nf6 5. Nc3 g6 6. Be3 Bg7 7. f3 Nc6 8. Qd2
O-O 9. O-O-O d5 10. Nxc6 bxc6 11. Bh6 Bxh6 12. Qxh6 Qa5 13. e5 Nh5 14. g4 Ng7
15. h4 Rb8 16. h5 Bf5 17. gxf5 Nxf5 18. Qf4 Rxb2 19. Kxb2 Rb8+ 20. Bb5 e6 21.
hxg6 fxg6 22. Rd3 cxb5 23. Ne2 Rc8 24. Qd2 b4 25. Nd4 Nxd4 26. Rxd4 Qa3+ 27. Kb1
Rc3 28. Qh6 Rc7 29. Rf4 b3 30. axb3 Qc5 31. Qh2 Qc3 32. Rg4 a5 33. Rxg6+ Kf8 34.
Qh6+ Ke8 35. Rxe6+ Kd8 36. Qf8+ Kd7 37. Qe8# 1-0

[Event "Online Olym Div2 C 2020"]
[Site "chess.com INT"]
[Date "2020.08.16"]
[Round "7.1"]
[Board "3"]
[White "Stojkovska, Monika"]
[Black "Matnadze, Ana"]
[Result "0-1"]
[WhiteTitle "WFM"]
[BlackTitle "IM"]
[WhiteElo "2106"]
[BlackElo "2421"]
[WhiteTeam "North Macedonia"]
[BlackTeam "Spain"]
[WhiteFideId "15002594"]
[BlackFideId "13601377"]
[EventDate "2020.08.14"]
[EventType "team"]

1. d4 Nf6 2. c4 e6 3. Nc3 d5 4. cxd5 exd5 5. Bg5 c6 6. e3 Be7 7. Qc2 Nbd7 8. Bd3
Nf8 9. O-O-O Ne6 10. Bxf6 Bxf6 11. f4 Qe7 12. Nf3 h5 13. f5 Ng5 14. e4 Nxe4 15.
Nxe4 dxe4 16. Bxe4 O-O 17. h3 h4 18. Kb1 a5 19. g4 hxg3 20. Rhg1 Qd6 21. Qd2 a4
22. h4 a3 23. b3 Re8 24. Bc2 c5 25. h5 cxd4 26. h6 d3 27. Qxd3 Qxd3 28. Bxd3 Ra5
29. Rxg3 Bxf5 30. hxg7 Rd8 31. Ne1 Rad5 32. Kc2 Rc5+ 33. Kb1 Rc3 34. Re3 Kxg7
35. Rg3+ Kf8 36. Re3 Bg5 37. Re5 Bxd3+ 38. Nxd3 Rdxd3 0-1

[Event "Online Olym Div2 C 2020"]
[Site "chess.com INT"]
[Date "2020.08.16"]
[Round "7.1"]
[Board "4"]
[White "Vega Gutierrez, Sabrina"]
[Black "Bejatovic, Bojana"]
[Result "0-1"]
[WhiteTitle "IM"]
[WhiteElo "2380"]
[BlackElo "2031"]
[WhiteTeam "Spain"]
[BlackTeam "North Macedonia"]
[WhiteFideId "2219026"]
[BlackFideId "15000141"]
[EventDate "2020.08.14"]
[EventType "team"]

1. e4 c5 2. Nf3 e6 3. d4 cxd4 4. Nxd4 Nf6 5. Nc3 Nc6 6. Ndb5 Bb4 7. a3 Bxc3+ 8.
Nxc3 d5 9. exd5 Nxd5 10. Nxd5 exd5 11. Bd3 Qe7+ 12. Be2 Bg4 13. f3 Bf5 14. c3
Rd8 15. O-O Qc5+ 16. Kh1 O-O 17. Bd3 d4 18. Bxf5 Qxf5 19. Qb3 Na5 20. Qb4 d3 21.
Bd2 Qd5 22. Rae1 Nc4 23. Rd1 a5 24. Qb3 Rfe8 25. Bg5 f6 26. Bh4 Ne3 27. Qxd5+
Rxd5 28. Rfe1 Nxd1 29. Rxe8+ Kf7 30. Rb8 Nf2+ 31. Bxf2 d2 32. Rxb7+ Kg6 0-1

[Event "Online Olym Div2 C 2020"]
[Site "chess.com INT"]
[Date "2020.08.16"]
[Round "7.1"]
[Board "5"]
[White "Risteski, Emil"]
[Black "Henderson de La Fuente, Lance"]
[Result "0-1"]
[BlackTitle "GM"]
[WhiteElo "2159"]
[BlackElo "2491"]
[WhiteTeam "North Macedonia"]
[BlackTeam "Spain"]
[WhiteFideId "15005267"]
[BlackFideId "32096585"]
[EventDate "2020.08.14"]
[EventType "team"]

1. e4 e6 2. d4 d5 3. Nd2 c5 4. exd5 Qxd5 5. Ngf3 cxd4 6. Bc4 Qd6 7. Ne4 Qb4+ 8.
Nfd2 Nf6 9. c3 dxc3 10. bxc3 Qa5 11. Nxf6+ gxf6 12. O-O Be7 13. Ne4 Nc6 14. Nd6+
Bxd6 15. Qxd6 Qe5 16. Qd3 Bd7 17. Ba3 O-O-O 18. Bd6 Qa5 19. Rab1 Ne5 20. Qe2 Bc6
21. Be7 Rhg8 22. f3 Rd7 23. Bb4 Qc7 24. Bb3 Bxf3 25. Rxf3 Rd2 26. Qe3 Rdxg2+ 27.
Kh1 Rxh2+ 28. Kxh2 Nxf3+ 29. Kh1 Qh2# 0-1

[Event "Online Olym Div2 C 2020"]
[Site "chess.com INT"]
[Date "2020.08.16"]
[Round "7.1"]
[Board "6"]
[White "Eizaguerri Floris, Maria"]
[Black "Manova, Ivana"]
[Result "1-0"]
[WhiteTitle "WFM"]
[WhiteElo "2167"]
[BlackElo "1742"]
[WhiteTeam "Spain"]
[BlackTeam "North Macedonia"]
[WhiteFideId "32065752"]
[BlackFideId "15003590"]
[EventDate "2020.08.14"]
[EventType "team"]

1. e4 c5 2. Nf3 Nc6 3. d4 cxd4 4. Nxd4 e5 5. Nb5 d6 6. N1c3 a6 7. Na3 Be7 8. Nd5
Nf6 9. Nxf6+ Bxf6 10. Nc4 Be7 11. Be3 b5 12. Nb6 Rb8 13. Nd5 Be6 14. c3 O-O 15.
Be2 Bg5 16. O-O Bxe3 17. Nxe3 Ne7 18. Bg4 Qd7 19. Bxe6 Qxe6 20. Qd2 Rfd8 21.
Rfd1 a5 22. Nd5 Nc6 23. a3 a4 24. Qg5 Na5 25. Rd3 f6 26. Qh5 Nb3 27. Re1 Qf7 28.
Qh4 Nc5 29. Rh3 h6 30. Rg3 Kh7 31. Qg4 g6 32. Ne7 Qxe7 33. Qxg6+ Kh8 34. Qxh6+
Qh7 35. Qxf6+ 1-0